[Event "13. Lichtenberger Sommer"]
[Site "?"]
[Date "2014.08.16"]
[Round "1.80"]
[White "Zuccolo, Sebastian"]
[Black "Keusch, Horst"]
[Result "0-1"]
[WhiteElo "1434"]
[BlackElo "2021"]
[PlyCount "108"]
[EventDate "2014.??.??"]
[WhiteTeam "ASD San Gregorio Pordenone"]
[BlackTeam "SC Friesen Lichtenberg e.V."]

1. d4 f5 2. g3 Nf6 3. Bg2 e6 4. c4 Be7 5. Nf3 d6 6. Nc3 O-O 7. O-O Qe8 8. b3
Qh5 9. Bb2 Nbd7 10. Nb5 Bd8 11. h3 Ne4 12. Nd2 Ndf6 13. Nxe4 Nxe4 14. Nc3 Ng5
15. h4 Nf7 16. e4 Qxd1 17. Raxd1 c6 18. exf5 exf5 19. d5 c5 20. Ne2 Re8 21. Nf4
Rb8 22. Rfe1 Ne5 23. Bxe5 dxe5 24. Nd3 e4 25. f3 Bc7 26. fxe4 Bxg3 27. Re3 f4
28. Rf3 Bg4 29. Nxc5 Bxf3 30. Bxf3 Bxh4 31. Kg2 Bf6 32. Nd7 Rbd8 33. Nxf6+ gxf6
34. Kh3 Re5 35. Kg4 Kf7 36. Kxf4 b6 37. Rh1 Rh8 38. Bh5+ Ke7 39. Bg4 Rg5 40. e5
Rxe5 41. Rh6 Re1 42. Bf5 Re2 43. a4 Rb2 44. Bxh7 Rxb3 45. d6+ Kxd6 46. Rxf6+
Ke7 47. Rc6 Kd7 48. Rh6 Kc7 49. Bc2 Rxh6 50. Bxb3 Kd6 51. Ke4 Kc5 52. Kd3 Rh3+
53. Kc2 Kb4 54. Ba2 Kxa4 0-1

[Event "13. Lichtenberger Sommer"]
[Site "?"]
[Date "2014.08.16"]
[Round "1.81"]
[White "Schmidt, David"]
[Black "Rau, Joshua"]
[Result "1-0"]
[WhiteElo "1981"]
[BlackElo "1624"]
[PlyCount "97"]
[EventDate "2014.??.??"]
[WhiteTeam "Doppelbauer Woltersdorf"]
[BlackTeam "Schachunion Berlin e.V."]

1. d4 d5 2. Nf3 Nf6 3. Bg5 e6 4. e3 Be7 5. Bd3 O-O 6. O-O Nbd7 7. Nbd2 c5 8. c3
h6 9. Bh4 Qb6 10. Qb3 c4 11. Qxb6 Nxb6 12. Bc2 Rd8 13. e4 dxe4 14. Bxe4 Nfd5
15. Bxd5 Bxh4 16. Bxc4 Bf6 17. Bb3 Bd7 18. Ne4 Be7 19. Ne5 Bb5 20. Rfe1 Rac8
21. a4 Bc4 22. Bxc4 Nxc4 23. Nxc4 Rxc4 24. f4 Rc6 25. Kf2 Rdc8 26. Red1 Rb6 27.
Rd2 f5 28. Ng3 g5 29. Ne2 Rcc6 30. g3 Rb3 31. Nc1 Rbb6 32. Nd3 Rb3 33. Re2 Rbb6
34. Ke1 Bf6 35. Kd2 Kf7 36. b4 Rc7 37. b5 a6 38. Rb1 Rc4 39. Nc5 Bxd4 40. cxd4
Rxd4+ 41. Kc3 Rbd6 42. Rbe1 axb5 43. axb5 gxf4 44. gxf4 Rxf4 45. Rxe6 Rf3+ 46.
R1e3 Rxe3+ 47. Rxe3 Kf6 48. Rd3 Re6 49. Nxe6 1-0

[Event "13. Lichtenberger Sommer"]
[Site "?"]
[Date "2014.08.16"]
[Round "1.82"]
[White "Wicklein, Christian"]
[Black "Silz, Elisa"]
[Result "0-1"]
[WhiteElo "1413"]
[BlackElo "1957"]
[PlyCount "64"]
[EventDate "2014.??.??"]
[WhiteTeam "vereinslos"]
[BlackTeam "SV Empor Berlin e.V."]

1. Nf3 Nf6 2. c4 g6 3. g3 Bg7 4. Nc3 O-O 5. Bg2 d6 6. O-O e5 7. d3 Nc6 8. Bd2
Bg4 9. Qc1 a6 10. h3 Be6 11. Ng5 Rb8 12. Nxe6 fxe6 13. Bg5 Qd7 14. Qd2 b5 15.
cxb5 axb5 16. a4 Nd4 17. Ra2 b4 18. e3 bxc3 19. bxc3 Nb3 20. Qc2 Na5 21. Rb1
Rxb1+ 22. Qxb1 Nd5 23. Qb5 Qxb5 24. axb5 Nb3 25. c4 Nb6 26. Ra7 h6 27. Be7 Rc8
28. Rb7 Nc5 29. Ra7 Nxd3 30. Bb7 Re8 31. Be4 Nc5 32. Rxc7 Nxe4 0-1

[Event "13. Lichtenberger Sommer"]
[Site "?"]
[Date "2014.08.16"]
[Round "1.83"]
[White "Wierzbicki, Jirawat"]
[Black "Leyrer, Edgar"]
[Result "1-0"]
[WhiteElo "1924"]
[BlackElo "1610"]
[PlyCount "57"]
[EventDate "2014.??.??"]
[WhiteTeam "SK König Tegel 1949 e.V."]
[BlackTeam "SV Königsjäger Süd-West e.V."]

1. e4 c5 2. c3 d5 3. exd5 Qxd5 4. d4 Nc6 5. Nf3 e5 6. Be3 e4 7. Ng1 Nf6 8. c4
Qd8 9. d5 Ne5 10. Nc3 Bd6 11. Qd2 O-O 12. O-O-O a6 13. h3 Bd7 14. g4 b5 15. g5
b4 16. gxf6 bxc3 17. Qxc3 Qxf6 18. Kb1 Qe7 19. Qc1 Nd3 20. Bxd3 exd3 21. Nf3
Bf5 22. Nd2 Rfb8 23. Rde1 Rxb2+ 24. Qxb2 Be5 25. Bd4 cxd4 26. f4 Rb8 27. Qxb8+
Bxb8 28. Rxe7 Bxf4 29. Re8# 1-0

[Event "13. Lichtenberger Sommer"]
[Site "?"]
[Date "2014.08.16"]
[Round "1.84"]
[White "Bauer, Stefan"]
[Black "Meyer-Dunker, Paul"]
[Result "0-1"]
[WhiteElo "1614"]
[BlackElo "1912"]
[PlyCount "78"]
[EventDate "2014.??.??"]
[WhiteTeam "SC Kreuzberg e.V."]
[BlackTeam "SC Friesen Lichtenberg e.V."]

1. Nf3 d5 2. d4 Nf6 3. Nbd2 Nbd7 4. e3 e6 5. Be2 Bd6 6. O-O O-O 7. a3 e5 8.
dxe5 Nxe5 9. Nxe5 Bxe5 10. Nf3 Bd6 11. b4 a5 12. c3 axb4 13. cxb4 Bxb4 14. Bb2
Be7 15. a4 Ne4 16. h3 c6 17. Bd3 Bf6 18. Qc2 Bxb2 19. Qxb2 Qf6 20. Qxf6 Nxf6
21. g4 h5 22. g5 Ne4 23. Kh2 Re8 24. h4 Bg4 25. Nd4 Nd2 26. Rg1 c5 27. Nb5 Nf3+
28. Kg3 Nxg1 29. Rxg1 Rxa4 30. Nd6 Re7 31. Rb1 Rb4 32. Ra1 g6 33. Ra8+ Kg7 34.
Ne8+ Rxe8 35. Rxe8 c4 36. Bc2 Rb2 37. Ba4 b5 38. Rb8 c3 39. f3 bxa4 0-1

[Event "13. Lichtenberger Sommer"]
[Site "?"]
[Date "2014.08.16"]
[Round "1.85"]
[White "Fartmann, Oliver"]
[Black "Bolle, Dietrich"]
[Result "1-0"]
[WhiteElo "1927"]
[BlackElo "1655"]
[PlyCount "39"]
[EventDate "2014.??.??"]
[WhiteTeam "SV Mattnetz Berlin e.V."]
[BlackTeam "SG Eckturm"]

1. d4 Nf6 2. c4 e6 3. Nc3 Bb4 4. Nf3 d5 5. cxd5 exd5 6. Bg5 Nbd7 7. e3 h6 8.
Bh4 g5 9. Bg3 Ne4 10. Nd2 Bxc3 11. bxc3 Ndf6 12. Rc1 Nxd2 13. Qxd2 Ne4 14. Qd1
c6 15. Be5 f6 16. Qh5+ Kf8 17. f3 fxe5 18. fxe4 exd4 19. Bd3 dxe4 20. O-O+ 1-0

[Event "13. Lichtenberger Sommer"]
[Site "?"]
[Date "2014.08.16"]
[Round "1.86"]
[White "Toth, Hans-Jürgen"]
[Black "Muskewitz, Bernd"]
[Result "0-1"]
[WhiteElo "1631"]
[BlackElo "1969"]
[PlyCount "102"]
[EventDate "2014.??.??"]
[WhiteTeam "Schachfreunde Zehdenick 76 e.V."]
[BlackTeam "SV Mattnetz Berlin e.V."]

1. f4 e5 2. fxe5 d6 3. exd6 Bxd6 4. Nf3 Bg4 5. g3 Nc6 6. d4 Bxf3 7. exf3 Nxd4
8. Qd3 Qe7+ 9. Be2 O-O-O 10. c3 Nc6 11. Qf5+ Kb8 12. Bg5 f6 13. Bf4 Re8 14. Qe4
Bxf4 15. Qxe7 Bxg3+ 16. hxg3 Rxe7 17. Nd2 Nh6 18. Rh4 Nf5 19. Rh3 Rhe8 20. Ne4
Nd6 21. O-O-O Nxe4 22. fxe4 g6 23. Bg4 Rxe4 24. Bd7 R8e7 25. Bxc6 bxc6 26. Kc2
h5 27. Rd4 Rxd4 28. cxd4 Re2+ 29. Kc3 Kc8 30. a4 Kd7 31. b3 Kd6 32. Kd3 Re1 33.
Kc4 a5 34. Rh4 Rc1+ 35. Kd3 Kd5 36. Rf4 f5 37. Kd2 Rg1 38. Rf3 Kxd4 39. Rd3+
Ke5 40. Ke2 Rb1 41. Kd2 f4 42. Kc2 Rg1 43. gxf4+ Kxf4 44. Rd7 h4 45. Rxc7 h3
46. Rxc6 h2 47. Rc4+ Kg3 48. Rc3+ Kg2 49. Kd3 h1=Q 50. Kc4 Qh4+ 51. Kb5 Qb4+
0-1

[Event "13. Lichtenberger Sommer"]
[Site "?"]
[Date "2014.08.16"]
[Round "1.87"]
[White "Raab, Helen"]
[Black "Möller, Dirk"]
[Result "1-0"]
[WhiteElo "1851"]
[BlackElo "1624"]
[PlyCount "117"]
[EventDate "2014.??.??"]
[WhiteTeam "SC Kreuzberg e.V."]
[BlackTeam "SC Kreuzberg e.V."]

1. e4 e5 2. Nf3 Nc6 3. Bb5 a6 4. Ba4 Nf6 5. O-O b5 6. Bb3 Be7 7. Re1 O-O 8. c3
d6 9. h3 Na5 10. Bc2 c5 11. d4 cxd4 12. cxd4 Qc7 13. Nc3 Bb7 14. a3 Rac8 15. d5
Nc4 16. Nd2 Qb6 17. Nxc4 bxc4 18. Qf3 Nd7 19. Na4 Qd8 20. Qg3 Bf6 21. Be3 Kh8
22. Rac1 Bh4 23. Qg4 Bf6 24. g3 Rg8 25. Qe2 g5 26. Bb1 Qf8 27. Rxc4 Qh6 28. Kg2
a5 29. Rxc8 Bxc8 30. Rh1 Nf8 31. Nb6 Ng6 32. Nxc8 Rxc8 33. Qa6 Rg8 34. Qxd6
Nf4+ 35. Bxf4 gxf4 36. Qc5 Bh4 37. g4 f3+ 38. Kxf3 Qf4+ 39. Ke2 Rb8 40. b4 axb4
41. axb4 Qf6 42. Rc1 Qa6+ 43. Bd3 Qh6 44. b5 Bd8 45. Qc6 Qf4 46. d6 Bb6 47. Rf1
Ba5 48. Qc1 Qf6 49. d7 Qd8 50. Qc6 Bb6 51. Rc1 Kg7 52. Qd5 Bc7 53. Rc6 f6 54.
Bc4 Kh6 55. Qe6 Ba5 56. g5+ Kxg5 57. Qf5+ Kh6 58. Rxf6+ Kg7 59. Rf7+ 1-0

[Event "13. Lichtenberger Sommer"]
[Site "?"]
[Date "2014.08.16"]
[Round "1.88"]
[White "Kostanyan, Hakob"]
[Black "Schmidt, Jürgen"]
[Result "0-1"]
[WhiteElo "1517"]
[BlackElo "1992"]
[PlyCount "148"]
[EventDate "2014.??.??"]
[WhiteTeam "SC Weisse Dame e.V."]
[BlackTeam "SC Kreuzberg e.V."]

1. e4 e5 2. Nf3 Nc6 3. Bc4 Nf6 4. d4 exd4 5. O-O Be7 6. e5 Ne4 7. Nxd4 Nxe5 8.
Bb3 d6 9. Re1 Nc5 10. Bd5 c6 11. Bf3 O-O 12. Bf4 Bf6 13. c3 Ne6 14. Be3 Nxd4
15. cxd4 Nxf3+ 16. Qxf3 Qb6 17. d5 Qxb2 18. Nd2 Qb5 19. Rad1 Qxd5 20. Ne4 Qf5
21. Qxf5 Bxf5 22. Nxd6 Be6 23. Nxb7 Bxa2 24. Nc5 Bc3 25. Re2 Be6 26. Rc1 Bf6
27. Nxe6 fxe6 28. Rxc6 Rfd8 29. g3 a5 30. Ra2 Rd1+ 31. Kg2 Ra1 32. Rcc2 Rxa2
33. Rxa2 a4 34. Kf1 Kf7 35. Ke2 Ke7 36. Kd3 Kd6 37. Kc4 Kc6 38. Bc1 g6 39. Rc2
h5 40. Kb4+ Kd5 41. Ka3 Be7+ 42. Ka2 Bb4 43. Ba3 Bxa3 44. Kxa3 Ra6 45. Rd2+ Ke4
46. Rd7 e5 47. Re7 Kf5 48. Rf7+ Ke6 49. Rf3 e4 50. Rf8 Ke5 51. Re8+ Kd4 52.
Rd8+ Kc3 53. Rc8+ Kd3 54. Rd8+ Ke2 55. Re8 Kxf2 56. Rxe4 Kg2 57. Re2+ Kh3 58.
Rc2 h4 59. Rc3 hxg3 60. hxg3 Ra5 61. Rc1 g5 62. Rc3 g4 63. Rd3 Rf5 64. Rd6 Kxg3
65. Kxa4 Kg2 66. Kb3 g3 67. Kc3 Re5 68. Kd2 Kg1 69. Rc6 g2 70. Rf6 Rh5 71. Ke3
Kh1 72. Ke2 g1=Q 73. Kd2 Qd4+ 74. Ke2 Re5+ 0-1

[Event "13. Lichtenberger Sommer"]
[Site "?"]
[Date "2014.08.16"]
[Round "1.89"]
[White "Hilbig, Dieter"]
[Black "Gnaß, Erhard"]
[Result "1-0"]
[WhiteElo "2020"]
[BlackElo "1539"]
[PlyCount "53"]
[EventDate "2014.??.??"]
[WhiteTeam "ESV Gera"]
[BlackTeam "SK Zehlendorf e.V."]

1. e4 d6 2. f4 c6 3. Nf3 Bg4 4. Nc3 g6 5. d3 Bg7 6. h3 Bxf3 7. Qxf3 e6 8. Bd2
Ne7 9. Be2 O-O 10. O-O-O f5 11. g4 d5 12. Rdg1 d4 13. Nd1 Nd7 14. h4 fxe4 15.
dxe4 Ne5 16. Qb3 Nf7 17. Qxe6 Qd6 18. Qb3 a5 19. h5 a4 20. Qh3 a3 21. b3 gxh5
22. e5 Nxe5 23. fxe5 Qxe5 24. Bd3 h4 25. Qxh4 h6 26. Re1 Qd6 27. Rxe7 1-0

[Event "13. Lichtenberger Sommer"]
[Site "?"]
[Date "2014.08.16"]
[Round "1.90"]
[White "Kammler, Hans-Joachim"]
[Black "Leyrer, Thomas"]
[Result "0-1"]
[WhiteElo "1504"]
[BlackElo "1774"]
[PlyCount "36"]
[EventDate "2014.??.??"]
[BlackTeam "SV Königsjäger Süd-West e.V."]

1. e4 e6 2. d4 d5 3. Nd2 Nc6 4. c3 Nf6 5. e5 Nd7 6. Ngf3 f6 7. Bb5 a6 8. Bxc6
bxc6 9. Nb3 a5 10. a4 c5 11. dxc5 Nxc5 12. Nxc5 Bxc5 13. O-O fxe5 14. Nxe5 O-O
15. Nd3 Bd6 16. f4 c5 17. Be3 Qc7 18. Rc1 Ba6 0-1

[Event "13. Lichtenberger Sommer"]
[Site "?"]
[Date "2014.08.16"]
[Round "1.91"]
[White "George, Tom"]
[Black "Kaufmann, Mathias"]
[Result "1-0"]
[WhiteElo "1897"]
[BlackElo "1559"]
[PlyCount "33"]
[EventDate "2014.??.??"]
[WhiteTeam "SG Blau-Weiß Stadtilm"]

1. Nc3 d5 2. e4 e6 3. f4 dxe4 4. Nxe4 Nf6 5. Nf2 Bc5 6. Nd3 Bxg1 7. Rxg1 Qd4 8.
Rh1 Ne4 9. c3 Qb6 10. Qf3 Nf6 11. Ne5 O-O 12. d4 Rd8 13. Qf2 Qa5 14. Bd3 Bd7
15. Qh4 h6 16. Ng4 Qh5 17. Nxf6+ 1-0

[Event "13. Lichtenberger Sommer"]
[Site "?"]
[Date "2014.08.16"]
[Round "1.92"]
[White "Stark, Steven"]
[Black "Willich, Manfred"]
[Result "0-1"]
[WhiteElo "1502"]
[BlackElo "1961"]
[PlyCount "134"]
[EventDate "2014.??.??"]
[WhiteTeam "VfB Hermsdorf e.V."]
[BlackTeam "SK Turm Bad Hersfeld"]

1. d4 Nf6 2. Nf3 e6 3. g3 b6 4. Bg2 Bb7 5. O-O c5 6. c3 Be7 7. Nbd2 O-O 8. a3
d6 9. Nh4 Bxg2 10. Nxg2 Nc6 11. e3 Qc7 12. Nb3 Rfe8 13. f3 d5 14. Qe2 Rad8 15.
Bd2 c4 16. Nc1 e5 17. Qf2 Bd6 18. Ne2 h6 19. Nh4 Qd7 20. g4 e4 21. Nf5 Bf8 22.
h3 exf3 23. Qxf3 Ne4 24. Be1 g6 25. Nfg3 Ng5 26. Qg2 Rxe3 27. Bd2 Re7 28. Bxg5
hxg5 29. Rae1 Rde8 30. Rf3 Re3 31. Qf2 Rxf3 32. Qxf3 Qe6 33. Kf2 Bd6 34. Nf1 b5
35. Kg2 a5 36. Nd2 Bf4 37. Nf1 Bc1 38. Nfg3 Bxb2 39. Rb1 Bxa3 40. Rxb5 Rd8 41.
Rb1 Bd6 42. Rb6 Bc7 43. Rb7 Rd7 44. Rb1 a4 45. Ra1 Bxg3 46. Rxa4 Bc7 47. Ra6
Rd6 48. Ra2 Na5 49. Kf1 Qe7 50. Kg2 Nb3 51. Kh1 Kg7 52. Ra7 Rf6 53. Qg2 Qd6 54.
Ra2 Rf1+ 55. Ng1 Rf6 56. Nf3 Qf4 57. Nh2 Qc1+ 58. Qg1 Bxh2 59. Qxc1 Nxc1 60.
Rc2 Bf4 61. Kg2 Nd3 62. Ra2 Rb6 63. Kf3 Rb2 64. Rxb2 Nxb2 65. Ke2 Na4 66. Kd1
Nxc3+ 67. Kc2 Nb5 0-1

[Event "13. Lichtenberger Sommer"]
[Site "?"]
[Date "2014.08.16"]
[Round "1.93"]
[White "Barwich, Alfred"]
[Black "Paris, Gerhard"]
[Result "1-0"]
[WhiteElo "2041"]
[BlackElo "1536"]
[PlyCount "65"]
[EventDate "2014.??.??"]
[WhiteTeam "SV Berolina Mitte e.V."]
[BlackTeam "TSG Oberschöneweide e.V."]

1. d4 Nf6 2. Nf3 d6 3. Bf4 g6 4. h3 Bg7 5. e3 O-O 6. Nbd2 Nbd7 7. Bd3 c5 8. c3
a6 9. O-O cxd4 10. exd4 Nh5 11. Bh2 e5 12. Re1 Nf4 13. Bxf4 exf4 14. Qb3 Qb6
15. Qa3 Qc7 16. Re2 Nf6 17. Rae1 Bd7 18. Qb3 Rae8 19. Ne4 Nxe4 20. Rxe4 Rxe4
21. Bxe4 Bc8 22. Bd5 h6 23. Nd2 b5 24. Ne4 f3 25. g4 Qe7 26. Qd1 Kh7 27. Nd2
Qh4 28. Qxf3 f5 29. Qg3 Qxg3+ 30. fxg3 fxg4 31. h4 h5 32. Ne4 Rd8 33. Ng5+ 1-0

[Event "13. Lichtenberger Sommer"]
[Site "?"]
[Date "2014.08.16"]
[Round "1.94"]
[White "Home, Marcus"]
[Black "Mueller, Joerg"]
[Result "1/2-1/2"]
[WhiteElo "1307"]
[BlackElo "1850"]
[PlyCount "43"]
[EventDate "2014.??.??"]
[WhiteTeam "1. Schachclub Anhalt"]
[BlackTeam "vereinslos"]

1. d4 g6 2. e4 Bg7 3. Nf3 d6 4. c4 c6 5. Nc3 Qc7 6. Bd3 Bg4 7. Be3 a6 8. h3
Bxf3 9. Qxf3 e5 10. d5 Ne7 11. Bg5 O-O 12. Bf6 Re8 13. O-O Nd7 14. Bxg7 Kxg7
15. Qg4 Rf8 16. Kh1 Qc8 17. Qg5 f6 18. Qe3 c5 19. f4 exf4 20. Qxf4 Ne5 21. Be2
Qd8 22. g4 1/2-1/2

[Event "13. Lichtenberger Sommer"]
[Site "?"]
[Date "2014.08.16"]
[Round "1.95"]
[White "Meyer, Ulrich"]
[Black "Schmole-Rostosky, Joachim"]
[Result "1-0"]
[WhiteElo "2007"]
[BlackElo "1650"]
[PlyCount "55"]
[EventDate "2014.??.??"]
[WhiteTeam "Schachklub Münster 32 e.V."]
[BlackTeam "SF Schwarz-Weiß Merzhausen"]

1. d4 Nf6 2. Bg5 d5 3. Bxf6 exf6 4. e3 Bd6 5. c4 c6 6. Nc3 Be6 7. Qb3 Qb6 8. c5
Qxb3 9. axb3 Bc7 10. b4 Nd7 11. b5 O-O 12. b4 Bf5 13. Nf3 Rfe8 14. Be2 g5 15.
O-O Nf8 16. Ra2 Ng6 17. Rfa1 Bb8 18. bxc6 bxc6 19. b5 Bd7 20. b6 Bc8 21. Bd3
Ne7 22. e4 g4 23. Nd2 Bb7 24. exd5 Nxd5 25. Nxd5 cxd5 26. Bb5 Re6 27. Bd7 Bc6
28. Bxc6 1-0

[Event "13. Lichtenberger Sommer"]
[Site "?"]
[Date "2014.08.16"]
[Round "1.96"]
[White "Fontaine, Constantin"]
[Black "Waitz, Marco"]
[Result "0-1"]
[WhiteElo "1580"]
[BlackElo "1984"]
[PlyCount "46"]
[EventDate "2014.??.??"]
[WhiteTeam "SK Tempelhof 1931 e.V."]
[BlackTeam "BSV 63 Chemie Weißensee"]

1. g3 d5 2. Bg2 Nf6 3. Nf3 Nbd7 4. d3 e5 5. Nbd2 Bd6 6. O-O O-O 7. e4 c6 8. Re1
d4 9. Nh4 Re8 10. Nf5 Bc7 11. c3 dxc3 12. bxc3 Nc5 13. Ba3 Nxd3 14. Re3 Nxf2
15. Kxf2 Bb6 16. Nd6 Ng4+ 17. Ke2 Nxe3 18. Qb3 Be6 19. N2c4 Nxc4 20. Nxc4 Qg5
21. Bc1 Qh5+ 22. Kf1 Bxc4+ 23. Qxc4 Qd1# 0-1

[Event "13. Lichtenberger Sommer"]
[Site "?"]
[Date "2014.08.16"]
[Round "1.97"]
[White "Fiedler, Wolfgang"]
[Black "Walther, Lothar"]
[Result "1-0"]
[WhiteElo "1928"]
[BlackElo "1530"]
[PlyCount "65"]
[EventDate "2014.??.??"]
[WhiteTeam "SV Berolina Mitte e.V."]
[BlackTeam "SV Turbine Berlin e.V."]

1. d4 e6 2. Nf3 d5 3. c4 c5 4. cxd5 exd5 5. g3 Nf6 6. Bg2 c4 7. O-O Be7 8. Nc3
a6 9. a4 O-O 10. Ne5 Be6 11. f4 Bf5 12. e3 Nbd7 13. g4 Nxe5 14. dxe5 Nxg4 15.
Qxd5 Qxd5 16. Nxd5 Bc5 17. h3 Nh6 18. Kh2 Rad8 19. e4 Be6 20. f5 Bxd5 21. exd5
Nxf5 22. Rxf5 g6 23. Rf1 Rfe8 24. Bg5 Be7 25. Bf4 g5 26. Bg3 h5 27. Kh1 Bc5 28.
Rf5 Be3 29. Raf1 h4 30. Bh2 Rf8 31. d6 Kg7 32. Bd5 f6 33. e6 1-0

[Event "13. Lichtenberger Sommer"]
[Site "?"]
[Date "2014.08.16"]
[Round "1.98"]
[White "Lange, Johannes Friedrich"]
[Black "Junge, Wolfgang"]
[Result "0-1"]
[WhiteElo "1268"]
[BlackElo "1848"]
[PlyCount "118"]
[EventDate "2014.??.??"]
[WhiteTeam "Schachunion Berlin e.V."]
[BlackTeam "SC Friesen Lichtenberg e.V."]

1. d4 Nf6 2. c4 e6 3. Nc3 Bb4 4. Bd2 O-O 5. Nf3 d5 6. e3 c6 7. Bd3 Nbd7 8. O-O
Re8 9. Re1 Qc7 10. a3 Bd6 11. c5 Bf8 12. Qc2 e5 13. dxe5 Nxe5 14. b4 Nxd3 15.
Qxd3 Ne4 16. Rad1 Bg4 17. h3 Bxf3 18. gxf3 Nxd2 19. Rxd2 Re6 20. Kh1 Rh6 21.
Qf5 Re8 22. f4 Ree6 23. Rg1 Ref6 24. Qg4 Rfg6 25. Qf5 Rxg1+ 26. Kxg1 Qe7 27. e4
Rf6 28. Qe5 Re6 29. Qf5 dxe4 30. Re2 g6 31. Qg5 f6 32. Qg2 f5 33. Nd1 Qd7 34.
Ne3 Re8 35. Qg5 Be7 36. Qg3 Kf7 37. Re1 Qe6 38. f3 exf3 39. Qxf3 Bh4 40. Re2
Qe4 41. Qxe4 Rxe4 42. Kf1 Rxf4+ 43. Kg2 Re4 44. Kf3 Bg5 45. Nc2 Rxe2 46. Kxe2
Ke6 47. Kf3 Kd5 48. Ke2 Kc4 49. Kd1 Kd3 50. Ne1+ Ke3 51. Nc2+ Kf2 52. a4 f4 53.
b5 Be7 54. Nb4 f3 55. Nd3+ Kg1 56. Ke1 cxb5 57. axb5 Bxc5 58. Nxc5 f2+ 59. Kd2
f1=Q 0-1

[Event "13. Lichtenberger Sommer"]
[Site "?"]
[Date "2014.08.16"]
[Round "1.99"]
[White "Baranowsky, Peter"]
[Black "Schmidt, Tim Lucas"]
[Result "1-0"]
[WhiteElo "1978"]
[BlackElo "1239"]
[PlyCount "61"]
[EventDate "2014.??.??"]
[WhiteTeam "Sfrd. Berlin 1903 e.V."]
[BlackTeam "1. Schachclub Anhalt"]

1. d4 d5 2. Nf3 Nc6 3. c4 e6 4. e3 Nf6 5. Nc3 Bb4 6. Qc2 O-O 7. Bd3 Re8 8. O-O
e5 9. cxd5 Bxc3 10. dxc6 Ba5 11. dxe5 Ng4 12. Bxh7+ Kh8 13. Be4 b6 14. a3 b5
15. b4 Bb6 16. Bb2 Be6 17. Rfd1 Qe7 18. h3 Nh6 19. Rd2 Rad8 20. Rad1 Rxd2 21.
Rxd2 Rd8 22. Qd1 Rxd2 23. Qxd2 Bf5 24. Bxf5 Nxf5 25. Qd7 Qxd7 26. cxd7 c6 27.
Nd4 Ne7 28. g4 Kh7 29. e6 Kg6 30. Nf5 Bd8 31. Nd6 1-0

[Event "13. Lichtenberger Sommer"]
[Site "?"]
[Date "2014.08.16"]
[Round "1.100"]
[White "Pilgrim, Wilfried"]
[Black "Deutschbein, Christopher"]
[Result "0-1"]
[WhiteElo "1459"]
[BlackElo "1984"]
[PlyCount "78"]
[EventDate "2014.??.??"]
[WhiteTeam "SC Kreuzberg e.V."]
[BlackTeam "Bille SC von 1924 e.V."]

1. Nf3 Nf6 2. d4 d5 3. Nc3 e6 4. Bf4 Bd6 5. Ne5 Bd7 6. e3 a6 7. Bd3 Nc6 8. a3
Ne7 9. g4 Ng6 10. Nxg6 hxg6 11. Bxd6 cxd6 12. Qf3 Qa5 13. O-O-O e5 14. Qg3 Bxg4
15. f3 Rh3 16. Qg2 Rxf3 17. Rhf1 Rxf1 18. Rxf1 e4 19. Rxf6 gxf6 20. Bf1 Bf5 21.
Qg3 Ke7 22. Kb1 Rc8 23. b4 Qxa3 24. Nxd5+ Ke6 25. Nf4+ Kd7 26. Nd5 Be6 27. Bh3
Bxh3 28. Nb6+ Kc7 29. Nd5+ Kc6 30. Ne7+ Kc7 31. Qxh3 Qxb4+ 32. Kc1 Qa3+ 33. Kb1
Re8 34. Nd5+ Kb8 35. Nxf6 Rc8 36. Nd5 Qa5 37. Ne7 Qe1+ 38. Kb2 Qc3+ 39. Ka2
Qxc2+ 0-1

[Event "13. Lichtenberger Sommer"]
[Site "?"]
[Date "2014.08.16"]
[Round "1.101"]
[White "Stein, Siegfried"]
[Black "Abraham, Helmut"]
[Result "1/2-1/2"]
[WhiteElo "1819"]
[BlackElo "1553"]
[PlyCount "76"]
[EventDate "2014.??.??"]
[WhiteTeam "SV Berolina Mitte e.V."]
[BlackTeam "SC Kreuzberg e.V."]

1. e4 c5 2. Nf3 e6 3. d4 cxd4 4. Nxd4 Nc6 5. Be2 Nf6 6. Nc3 Bb4 7. Bf3 Qa5 8.
Ndb5 Qxb5 9. Bd2 Qe5 10. O-O Nd4 11. Re1 Bd6 12. g3 b6 13. Bg2 Bb7 14. Bf4 Qc5
15. Bxd6 Qxd6 16. e5 Qc7 17. Bxb7 Qxb7 18. Qxd4 Nd5 19. Nxd5 Qxd5 20. Qxd5 exd5
21. Rad1 Rc8 22. Re2 Rc5 23. Red2 Ke7 24. b4 Rc4 25. Rxd5 Rd8 26. R1d4 Rxc2 27.
a4 a6 28. a5 b5 29. f4 Rc6 30. Kg2 Rc2+ 31. Kf3 Rxh2 32. Rd6 Rh6 33. Rxh6 gxh6
34. Rd6 Rc8 35. Rxa6 Rc4 36. Rb6 Rxb4 37. a6 Rb1 38. a7 Ra1 1/2-1/2

[Event "13. Lichtenberger Sommer"]
[Site "?"]
[Date "2014.08.16"]
[Round "1.102"]
[White "Stiemerling, Karl-Heinz"]
[Black "Bonke, Hans-Jürgen"]
[Result "0-1"]
[WhiteElo "1579"]
[BlackElo "1951"]
[PlyCount "52"]
[EventDate "2014.??.??"]
[WhiteTeam "SG Eckturm"]
[BlackTeam "SC Kreuzberg e.V."]

1. d4 g6 2. Nc3 Bg7 3. Nf3 d6 4. e4 e6 5. Bb5+ Nd7 6. O-O Ne7 7. Be3 a6 8. Ba4
h6 9. b4 b5 10. Bb3 Bb7 11. Nd2 O-O 12. f3 Nc6 13. Ndb1 Nxb4 14. a3 Nc6 15. Qd2
Kh7 16. d5 exd5 17. Bxd5 Nf6 18. Ra2 Nxd5 19. Nxd5 Ne5 20. Bd4 f5 21. Nf4 Qe7
22. Nc3 fxe4 23. fxe4 c5 24. Be3 Nc4 25. Qd3 Nxe3 26. Qxe3 Bd4 0-1

[Event "13. Lichtenberger Sommer"]
[Site "?"]
[Date "2014.08.16"]
[Round "1.103"]
[White "Scheide, Helmut"]
[Black "Dittrich, Hans-Jürgen"]
[Result "1-0"]
[WhiteElo "1947"]
[BlackElo "1166"]
[PlyCount "37"]
[EventDate "2014.??.??"]
[WhiteTeam "USV Potsdam e.V., Abt. Schach"]
[BlackTeam "vereinslos"]

1. d4 d5 2. Nf3 Bg4 3. Ne5 Be6 4. e3 a6 5. Bd3 Nc6 6. Nxc6 bxc6 7. Qe2 Bc8 8.
O-O Nf6 9. Nd2 e6 10. c3 Bd6 11. e4 dxe4 12. Nxe4 Nxe4 13. Bxe4 Bb7 14. c4 O-O
15. Rd1 Qf6 16. Rd3 Rab8 17. Bxh7+ Kxh7 18. Rh3+ Kg8 19. Qh5 1-0

[Event "13. Lichtenberger Sommer"]
[Site "?"]
[Date "2014.08.16"]
[Round "1.104"]
[White "Karge, Ole Jannes"]
[Black "Schilling, Hans"]
[Result "0-1"]
[WhiteElo "1494"]
[BlackElo "1846"]
[PlyCount "66"]
[EventDate "2014.??.??"]
[WhiteTeam "SV Mattnetz Berlin e.V."]
[BlackTeam "Sfr.Nord-Ost Berlin"]

1. e4 e6 2. d4 d5 3. Nc3 Nf6 4. e5 Nfd7 5. a3 c5 6. Be3 Nc6 7. Nf3 Be7 8. Bb5
a6 9. Bxc6 bxc6 10. O-O Qc7 11. Re1 cxd4 12. Qxd4 Rb8 13. b4 c5 14. Qg4 Kf8 15.
bxc5 Nxc5 16. Bg5 h6 17. Bxe7+ Qxe7 18. Nd4 Bd7 19. Rab1 Rxb1 20. Rxb1 Kg8 21.
Rb6 Kh7 22. Rd6 Rc8 23. Nde2 Qg5 24. Qxg5 hxg5 25. h3 f6 26. exf6 gxf6 27. Nd4
Kg7 28. a4 e5 29. Nde2 d4 30. Nd5 Rc6 31. Rxc6 Bxc6 32. Nb4 Bxa4 33. Na2 Bxc2
0-1

[Event "13. Lichtenberger Sommer"]
[Site "?"]
[Date "2014.08.16"]
[Round "1.105"]
[White "Jensen, Johnny"]
[Black "Wahner, Eberhard"]
[Result "1-0"]
[WhiteElo "1873"]
[BlackElo "1063"]
[PlyCount "25"]
[EventDate "2014.??.??"]
[WhiteTeam "Aros Skakklub"]
[BlackTeam "vereinslos"]

1. e4 e6 2. d4 d5 3. Nc3 Bb4 4. Qg4 Ne7 5. Qxg7 Rg8 6. Qxh7 Bxc3+ 7. bxc3 c5 8.
Nf3 Nbc6 9. Ng5 Rf8 10. Be2 Bd7 11. Nxf7 Qa5 12. Nd6+ Kd8 13. Nxb7+ 1-0

[Event "13. Lichtenberger Sommer"]
[Site "?"]
[Date "2014.08.16"]
[Round "1.106"]
[White "Lippianowski, Stefan"]
[Black "Albinus, Günter"]
[Result "0-1"]
[WhiteElo "1220"]
[BlackElo "1877"]
[PlyCount "38"]
[EventDate "2014.??.??"]
[WhiteTeam "SV Mattnetz Berlin e.V."]
[BlackTeam "SG Weißensee 49 e.V."]

1. e4 c5 2. Bc4 Nc6 3. Nf3 d6 4. Ng5 e6 5. d3 Nf6 6. Nc3 Be7 7. Be3 d5 8. exd5
exd5 9. Bb5 h6 10. Nf3 d4 11. Ne5 Bd7 12. Nxc6 bxc6 13. Ne4 dxe3 14. d4 Nxe4
15. Qf3 Qa5+ 16. c3 exf2+ 17. Kd1 Qxb5 18. Qxe4 f1=Q+ 19. Rxf1 Qxf1+ 0-1